Philippinen-Quiz - Statistiken

Allgemein
  • Dieses Quiz wurde 1.731 mal gespielt
    1.730 seit der letzten Aktualisierung
  • Das Durchschnittsergebnis liegt bei 8 aus 20
Antwortstatistiken
Frage Antwort % Korrekt
Hauptstadt Manila
96%
Länder, die einst die Philippinen besetzten Japan
76%
Länder, die einst die Philippinen besetzten USA
74%
Sprache, die am meisten gesprochen wird Filipino (Tagalog)
73%
Länder, die einst die Philippinen besetzten Spanien
72%
Größte Inseln Luzon
45%
Seefahrer, der 1521 auf den Philippinen verstarb Ferdinand Magellan
44%
Naturkatastrophe von 2013, die die Philippinen stark betraf Taifun
43%
Bevölkerungsreichste Stadt (Vorort der Hauptstadt) {Quezon} City
35%
Größte Inseln Mindanao
31%
Zweitgrößte Metropole Cebu
29%
Ehemalige First Lady und Schuhsammlerin Imelda Marcos
23%
Kontroverser aktueller Präsident Rodrigo Duterte
20%
Grashügel auf der Insel Bohol, die sich während der Trockenzeit braun färben {Chocolate} Hills
18%
Vulkan, der 1991 ausbrach, der stärkste Ausbruch in 108 Jahren Pinatubo
18%
U.S. General, der ebenfalls Feldmarschall in der philippinischen Armee war Douglas MacArthur
15%
Boxer, der Weltmeister in in acht Gewichtsklassen ist Manny Pacquiao
15%
Umgangssprachlicher Term für jemanden aus den Philippinen (Anfangsbuchstabe P) Pinoy
14%
Größte Inseln Negros
13%
Größte Inseln Samar
12%
Keine übereinstimmenden Quizze gefunden
Verteilung der Resultate
Anzahl Personen mit jedem Resultat
Perzentil nach korrekt beantworteten Fragen
Ihre Resultats-Entwicklung
Sie haben dieses Quiz seit der letzten Aktualisierung nicht gespielt